Lagrangian and Hamiltonian dynamics (Record no. 81208)

MARC details
000 -LEADER
fixed length control field 00769nam a22002537a 4500
003 - CONTROL NUMBER IDENTIFIER
control field CBULib
005 - DATE AND TIME OF LATEST TRANSACTION
control field 20230817064306.0
008 - FIXED-LENGTH DATA ELEMENTS--GENERAL INFORMATION
fixed length control field 230721b |||||||| |||| 00| 0 eng d
020 ## - INTERNATIONAL STANDARD BOOK NUMBER
International Standard Book Number 9780198822387
040 ## - CATALOGING SOURCE
Original cataloging agency LC
Transcribing agency CBULib
Modifying agency CBULib
Description conventions rda
Language of cataloging English
041 ## - LANGUAGE CODE
Language code of text/sound track or separate title eng
050 ## - LIBRARY OF CONGRESS CALL NUMBER
Classification number QA 805 Man
100 1# - MAIN ENTRY--PERSONAL NAME
9 (RLIN) 196
Personal name Mann, Peter,
Dates associated with a name 1994-
245 ## - TITLE STATEMENT
Title Lagrangian and Hamiltonian dynamics
Statement of responsibility, etc / by Peter Mann
260 ## - PUBLICATION, DISTRIBUTION, ETC. (IMPRINT)
Place of publication, distribution, etc Oxford :
Name of publisher, distributor, etc Oxford University Press,
Date of publication, distribution, etc 2018
300 ## - PHYSICAL DESCRIPTION
Extent xi, 538 pages : illustrations
336 ## - CONTENT TYPE
Source rdacontent
Content type term Text |
Content type code txt
337 ## - MEDIA TYPE
Source rdacontent
Media type term Unmediated |
Media type code n
338 ## - CARRIER TYPE
Source rdacontent
Carrier type term Volume
Carrier type code nc
650 #0 - SUBJECT ADDED ENTRY--TOPICAL TERM
9 (RLIN) 197
Topical term or geographic name as entry element MECHANICS, ANALYSIS
650 #0 - SUBJECT ADDED ENTRY--TOPICAL TERM
9 (RLIN) 198
Topical term or geographic name as entry element HAMILTONIAN SYSTEMS
650 #0 - SUBJECT ADDED ENTRY--TOPICAL TERM
9 (RLIN) 199
Topical term or geographic name as entry element LAGRANGIAN FUNCTIONS
942 ## - ADDED ENTRY ELEMENTS (KOHA)
Source of classification or shelving scheme
Koha item type MONOGRAPH
Holdings
Withdrawn status Lost status Source of classification or shelving scheme Damaged status Not for loan Collection code Permanent Location Current Location Shelving location Date acquired Source of acquisition Cost, normal purchase price Total Checkouts Full call number Barcode Date last seen Copy number Price effective from Koha item type
          Main Library Open Access Collection CBU-MAIN LIBRARY, KITWE. CBU-MAIN LIBRARY, KITWE. General Stacks 07/21/2023 DON-BOOKAID 56.46   QA 805 Man 752514 07/21/2023 1 07/21/2023 MONOGRAPH